Statistics for Name as many bands as you can in 10 minutes

Click here to take the quiz!

General Stats

  • This quiz has been taken 160 times
    (110 since last reset)
  • The average score is 41 of 390

Answer Stats

Answer% Correct
The Beatles
87%
Queen
73%
The Rolling Stones
69%
Nirvana
67%
AC/DC
66%
Metallica
66%
Guns n Roses
53%
Aerosmith
51%
ABBA
48%
Pink Floyd
46%
Green Day
45%
Led Zeppelin
45%
One Direction
45%
Radiohead
45%
Black Sabbath
43%
U2
42%
Eagles
40%
Backstreet Boys
39%
Kiss
38%
Oasis
38%
Spicegirls
38%
Fleetwood Mac
37%
Foo Fighters
37%
Red Hot Chili Peppers
37%
Blur
35%
Bon Jovi
35%
Slipknot
35%
The Beach Boys
35%
Coldplay
34%
The Clash
34%
Linkin Park
33%
Pearl Jam
33%
Sex Pistols
33%
The Doors
31%
The Ramones
31%
The Smiths
31%
Blink-182
30%
Megadeth
30%
The Who
30%
Deep Purple
29%
Jackson 5
29%
Korn
29%
Maroon5
29%
The Cure
29%
Arctic Monkeys
28%
BTS
27%
Iron Maiden
27%
NSYNC
27%
Blondie
26%
Genesis
26%
Limp Bizkit
26%
Sound Garden
26%
The Cranberries
26%
Journey
25%
Smashing Pumpkins
25%
ZZ Top
25%
Alice in Chains
24%
Def Leppard
24%
Motorhead
24%
System of a Down
24%
The Police
24%
Beastie Boys
22%
Destiny's Child
22%
Judas Priest
22%
Motley Crue
22%
Weezer
22%
Creedence Clearwater Revival
21%
Lynyrd Skynyrd
21%
My Chemical Romance
21%
Talking Heads
21%
The White Stripes
21%
Van Halen
21%
Deftones
20%
Duran Duran
20%
Imagine Dragons
20%
Slayer
20%
Gorillaz
19%
Paramore
19%
R.E.M
19%
Scorpions
19%
The Killers
19%
Panic! At The Disco
18%
The Kinks
18%
The Supremes
18%
Fall Out Boy
17%
Nickelback
17%
Pixies
17%
The Velvet Underground
17%
Boston
16%
Dire Straits
16%
Hole
16%
Rammstein
16%
Chicago
15%
Cream
15%
No Doubt
15%
Rage Against The Machine
15%
Yes
15%
Bee Gees
13%
Blackpink
13%
Electric Light Orchestra
13%
Five
13%
Nine Inch Nails
13%
Take That
13%
The Temptations
13%
Tool
13%
Twenty One Pilots
13%
Wham!
13%
Avenged Sevenfold
12%
Depeche Mode
12%
Evanescence
12%
Foreigner
12%
Garbage
12%
Grateful Dead
12%
Joy Division
12%
Muse
12%
Pantera
12%
Stone Temple Pilots
12%
The Mamas and the Papas
12%
Arcade Fire
11%
Kansas
11%
King Crimson
11%
Pulp
11%
Tears for Fears
11%
The Band
11%
The Bangles
11%
The Cars
11%
The Monkees
11%
The Stone Roses
11%
Ghost
10%
Jefferson Airplane
10%
One Republic
10%
Pet Shop Boys
10%
The Byrds
10%
The Offspring
10%
The Verve
10%
Type O Negative
10%
Cannibal Corpse
9%
Daft Punk
9%
Disturbed
9%
Florence and the Machine
9%
Goo Goo Dolls
9%
Incubus
9%
Jimi Hendrix Experience
9%
New Order
9%
Simon and Garfunkel
9%
The 1975
9%
The Jam
9%
The Kooks
9%
The Stooges
9%
Cage the Elephant
8%
Europe
8%
New Kids on the Block
8%
Pierce the Veil
8%
Simple Plan
8%
Steve Miller Band
8%
The Black Keys
8%
The Doobie Brothers
8%
The Runaways
8%
The Yardbirds
8%
Three Days Grace
8%
Westlife
8%
Bush
7%
Death
7%
Dio
7%
Exo
7%
Girls Aloud
7%
Heart
7%
Hootie and the Blowfish
7%
Love
7%
My Bloody Valentine
7%
Simple Minds
7%
Steppenwolf
7%
Train
7%
Twisted Sister
7%
Venom
7%
Bananarama
6%
Blue Oyster Cult
6%
Bring me the Horizon
6%
Buffalo Springfield
6%
Cheap Trick
6%
Crosby Stills Nash and Young
6%
Eurythmics
6%
Faith No More
6%
Five Finger Death Punch
6%
Jethro Tull
6%
MANESKIN
6%
Quiet Riot
6%
Slowdive
6%
Sonic Youth
6%
Testament
6%
The Cardigans
6%
The Ronettes
6%
Bullet for my Valentine
4%
Cigarettes After Sex
4%
D12
4%
Franz Ferdinand
4%
Gojira
4%
Lamb of God
4%
Run DMC
4%
Sleeping With Sirens
4%
Sly and the Family Stone
4%
The Go Gos
4%
The Human League
4%
Blind Melon
3%
Counting Crows
3%
Culture Club
3%
Dereck & The Dominos
3%
Devo
3%
Funkadelic
3%
Greta Van Fleet
3%
Huey Lewis and the News
3%
Jimmy Eat World
3%
Kittie
3%
Men at Work
3%
REO Speedwagon
3%
S Club 7
3%
Silverchair
3%
Starship
3%
Talk Talk
3%
The Blossoms
3%
The Flaming Lips
3%
TV girl
3%
Twice
3%
All Time Low
2%
Annihilator
2%
Atomic Kitten
2%
Babymetal
2%
Barenaked Ladies
2%
Bikini Kill
2%
Boyz to Men
2%
Bread
2%
Car Seat Headrest
2%
Crystal Castles
2%
Danzig
2%
Dashboard Confessional
2%
Dexys Midnight Runners
2%
Falling in Reverse
2%
Foster the People
2%
Loverboy
2%
Manowar
2%
Soft Cell
2%
The Used
2%
Vampire Weekend
2%
Yellowcard
2%
911
1%
98 Degrees
1%
American Football
1%
Basement
1%
Bastille
1%
Beck
1%
Boa
1%
Capital Cities
1%
Carcass
1%
Cults
1%
Destroy Boys
1%
Disclosure
1%
Dystopia
1%
Everclear
1%
Frankie Goes to Hollywood
1%
Gin Blossoms
1%
GOT7
1%
Jane's Addiction
1%
Knocked Loose
1%
L7
1%
Lovejoy
1%
Men Without Hats
1%
MGMT
1%
Mindless Self Indulgence
1%
Morbid Angel
1%
Nazareth
1%
Pavement
1%
Rise Against
1%
Seventeen
1%
Sleater Kinney
1%
Taking Back Sunday
1%
The Beaches
1%
The Black Crowes
1%
The Donnas
1%
The Knack
1%
The Orion Experience
1%
The Platters
1%
Thompson Twins
1%
Veruca Salt
1%
When in Rome
1%
Wisp
1%
Abbath
0%
Ace of Cups
0%
Alabama Shakes
0%
Aldious
0%
Animotion
0%
A-Teens
0%
At The Gates
0%
Babes in Toyland
0%
Bag Raiders
0%
Big Bang
0%
Blonde Redhead
0%
Blood Sweat and Tears
0%
Bolt Thrower
0%
Brand New
0%
Broken Social Scene
0%
Buerak
0%
Built to Spill
0%
B-Witched
0%
Calpurnia
0%
Caravan Palace
0%
Carnifex
0%
Charlie XCX
0%
Chiliwack
0%
Chromeo
0%
Company B
0%
Current Joys
0%
Daryl Hall and John Oats
0%
Dead or Alive
0%
Deap Valley
0%
Death Grips
0%
Decapitated
0%
Deee-Lite
0%
Dope
0%
Dum Dum Girls
0%
Dying Fetus
0%
Escape the Fate
0%
Fanny
0%
Flesh for Lulu
0%
Galneryus
0%
Haywire
0%
Indigo Girls
0%
Isis
0%
Jadoes
0%
Jawbreaker
0%
John Mayall and the Bluesbreakers
0%
King Gizzard and the Lizard Wizard
0%
Kon Kan
0%
Ludic
0%
Machine Girl
0%
Machine Head
0%
Magneta Lane
0%
Metal Church
0%
Mild High Club
0%
Modern Talking
0%
Molchat Doma
0%
Napalm Death
0%
Necrophagist
0%
Nena
0%
Nervosa
0%
New World Order
0%
Nile
0%
Obituary
0%
Obscura
0%
Oingo Boingo
0%
Otep
0%
Parkway Drive
0%
Peach Pit
0%
Primer 55
0%
Pussy Riot
0%
Roar
0%
Saorise and the Banshees
0%
Septicflesh
0%
Shonen Knife
0%
Silverstein
0%
Skunk Anansie
0%
Slant 6
0%
Spoon
0%
Suffocation
0%
Sunny Day Realestate
0%
Superheaven
0%
Take Care
0%
Tegan and Sara
0%
The Aubreys
0%
The Books
0%
The Buggles
0%
The Chords
0%
The Dream Academy
0%
The Drifters
0%
The Drums
0%
The Frights
0%
The Garden
0%
The Ink Spots
0%
The Pandoras
0%
The Pleasure Seekers
0%
The Red Jumpsuit Apparatus
0%
The Romantics
0%
The Shaggs
0%
Title Fight
0%
Vacations
0%
War on Drugs
0%
Wink
0%
Xavleg
0%

Score Distribution

Percentile by Number Answered

Percent of People with Each Score

Your Score History

You have not taken this quiz since the last reset